=LDR 00000nam 2200000 4500 =001 INLIS000000000028706 =005 20130612131007 =008 ***********************************ind** =035 ##$$0010-061300000028706 =041 ##$$a ind =082 ##$$a F.Rom.K =090 ##$$a F.Rom.K, PLE b =100 ##$$a Pleijel, Sonja Berg =245 ##$$a Bila Hujan tiba, Sonja Berg Pleijel; penerjemah, M. Muljadi =260 ##$$a 1975 $b Jakarta =300 ##$$a v, 114 hlm., ilus., 21 cm =650 ##$$a Fiksi Anak =700 ##$$a Muljadi, M =850 ##$$a NBPNMAT